| 000 | 00616nam a22002177i 4500 | ||
|---|---|---|---|
| 003 | URS | ||
| 005 | 20251001091322.0 | ||
| 008 | 160323s2003 ph ||||| |||| 00| 0 eng d | ||
| 020 | _a9712336514 | ||
| 040 |
_beng _erda _cURS |
||
| 050 | 0 | 0 |
_aLB15 _b.P27 2003 |
| 100 | 1 |
_aPaterno Adelaida _4author |
|
| 245 | 1 | 0 | _aHandbook for oral readers of English as a second language / |
| 264 | 1 |
_aManila : _bRex Book Store, _c2003. |
|
| 300 |
_a185 p. _bcol. ill.; 23.3 cm. |
||
| 336 |
_atext _btxt _2rdacontent |
||
| 337 |
_aunmediated _bn _2rdamedia |
||
| 338 |
_avolume _bnc _2rdacarrier |
||
| 650 | 0 | _aEnglish | |
| 942 |
_cF _2lcc |
||
| 999 |
_c72669 _d72668 |
||